000 01040 a2200217 4500
001 59965
005 20260407155852.0
008 260407a1954 arg spa d
003 AR-UNSa-BCEJYS
040 _aAR-UNSa-BCEJYS
_bspa
_cAR-UNSa-BCEJYS
080 _a342
_xDerecho constitucional (Derecho Público)
245 1 0 _aDerecho constitucional
250 _a2a. ed.
264 1 _aBuenos Aires :
_bRoque Depalma Editor
_c1954
300 _axliv, 703 p.
_c22 cm.
505 _a1. Nociones preliminares - 2. Derecho constitucional - 3. La constitución - 4. El estado, soberanía y poderes - 5. La soberanía y la organización política - 6. La igualdad ante la ley - 7. Derechos, declaraciones y garantías - 8. Garantías de seguridad y defensa personal - 9. Poder legislativo - 10. Atribuciones del congreso - 11. Poder ejecutivo - 12. Poder judicial - 13. Gobierno nacional - 14. Gobierno provincial - 15. Régimen municipal
041 _aspa
942 _cBK
590 _aniveau_biblio:m niveau_hierar:0
100 1 _aBielsa, Rafael
999 _c6861
_d6861